| 000 | 00801nam a22002177a 4500 | ||
|---|---|---|---|
| 999 |
_c164923 _d164923 |
||
| 005 | 20190715112754.0 | ||
| 010 | _aB-728350 | ||
| 020 |
_a9788177001006 _c695.00 |
||
| 035 | _aB-728350 | ||
| 037 | _bRK Books | ||
| 082 | _a621.37 | ||
| 100 | _aSawhney,A. K | ||
| 245 |
_aA course in electrical and electronic measurements and instrumentation / _cby A. K.Sawhney [and] Puneet Sawhney |
||
| 260 |
_aDelhi _bDhanpat Rai _c2019 (repr.) |
||
| 270 |
_a1682, 1710 Nai Sarak _bDelhi _e110006 |
||
| 300 |
_a1320p.: _bill. _c26cm(pbk) |
||
| 500 | _aincludes index | ||
| 700 | _aSawhney, Puneet | ||
| 942 |
_2ddc _cEN _h621.37 _mSAW |
||